Numéro des pilotes Moto GP - Statistiques

Statistiques générales
  • Ce quiz a été pris 588 fois
  • Le résultat moyen est 14 sur 68
Statistiques - réponses
Pilote % Correct
1 Bagnaia | Stoner | Lorenzo
87%
93 Marquez
74%
20 Quartararo
74%
5 Zarco | Edwards
72%
46 Rossi
70%
73 Marquez | Aoyama
53%
99 Lorenzo
49%
89 Martin | Nakasuga
49%
63 Bagnaia | Di Meglio
45%
10 Marini | Simeon
44%
33 Binder | Melandri
43%
12 Viñales
43%
21 Morbidelli | Nakasuga | Hopkins
42%
43 Miller
38%
41 Espargaro | Hayes
35%
23 Bastianini |Parkes
34%
36 Mir | Kallio
34%
42 Rins
33%
44 Espargaro | Salom
32%
4 Dovizioso
27%
25 Fernandez | Viñales
27%
26 Pedrosa
27%
30 Nakagami
26%
88 Oliveira
26%
72 Bezzechi | Takahashi | Ito
24%
27 Lecuona | Stoner
23%
49 Di Giannantonio
22%
37 Fernandez
19%
69 Hayden
18%
58 Simoncelli
16%
6 Bradl
15%
35 Crutchlow
13%
9 Petrucci
12%
29 Iannone
11%
14 De Puniet
10%
19 Bautista
8%
76 Baz
8%
53 Rabat
8%
45 Redding
8%
51 Pirro
7%
40 Binder | Barbera
6%
50 Guintoli | Laverty
6%
11 Spies
6%
17 Abraham
5%
65 Capirossi
5%
94 Folger
5%
87 Gardner
5%
22 Lowes | Silva
5%
32 Savadori
5%
38 Smith
5%
8 Barbera | Yoshikawa
4%
7 Aoyama
2%
15 De Angelis | Rapp
2%
68 Hernandez
2%
55 Syahrin
2%
2 Camier
1%
77 Del Amor | Ellison
1%
24 Elias
1%
95 Hayden
1%
82 Kallio
1%
54 Pasini
1%
56 Rea
1%
81 Torres
1%
64 Akiyoshi
0%
71 Corti | Checa
0%
777 Jones
0%
70 Laverty
0%
67 Staring
0%
Aucun quiz correspondant
Distribution des résultats
% des personnes avec chaque résultat
Percentile par nombre de réponses
Votre historique - résultats
Vous n’avez pas pris ce quiz